000 00607nam a22001817a 4500
003 OSt
005 20250626051229.0
008 250626b |||||||| |||| 00| 0 eng d
020 _a978-971-23-7875-1
040 _aDWCL - Main lib
_cOC
082 _aFil. 657.64 G163a 2015
100 _aGalanza, Raquel M.
245 _aAuditing:
_b assurance, principles,professional,ethics,and good governance/
_cRaquel M. Galanza
260 _aQuezon City, Philippines:
_b Rexbook store,
_cc2015.
300 _axviii, 329 pages:
_b illustrations;
_c26cm.
504 _aIncludes index.
942 _2ddc
_cBK - FIL
_kFil.
_n0
999 _c3284
_d3284